Score 0/20 Timer 02:00
0 Plays Today
% Correct
raining
96.4%
storm
96.3%
pours
96.2%
eye
95.8%
bright
95.5%
lightning
95.2%
cloud
95.2%
breeze
94.9%
weather
94.8%
clouds
94.3%
% Correct
foggiest
94.2%
ray
94.2%
rain
93.7%
shine
93.4%
wind
93.3%
sun
93.3%
ice
93.1%
fair
92.6%
snowed
91.8%
thunder
91.3%

You're not logged in!

Compare scores with friends on all Sporcle quizzes.
OR
Log In

Sporcle TV

Today on Sporcle TV


Watch our educational content, quiz creation guides, and fun videos on Sporcle TV.

Show Comments

Extras

Top Quizzes Today


Score Distribution

Paid Content

Your Account Isn't Verified!

In order to create a playlist on Sporcle, you need to verify the email address you used during registration. Go to your Sporcle Settings to finish the process.

Report this User

Report this user for behavior that violates our Community Guidelines.

Details: